| 000 | 00813nam a22002897a 4500 | ||
|---|---|---|---|
| 003 | CHAP | ||
| 005 | 20220329141115.0 | ||
| 008 | 971014s1959 r 00010 d | ||
| 010 | _a62669 | ||
| 011 | _a63641 | ||
| 035 | _a67818 | ||
| 040 | _cCHAP | ||
| 082 |
_a574.5 _bO38f |
||
| 100 | 0 | 0 |
_aOdum, Eugene Pleasants. _982738 |
| 245 | _aFundamentals of ecology | ||
| 250 | _a2 ed. | ||
| 260 |
_aPhiladelphia : _bSaunders, _c1959 |
||
| 300 |
_a546 p. _b: ilus. |
||
| 590 |
_aBATCH-UPD _b10 _c20130110 _lUCH01 _h1804 |
||
| 590 |
_aBATCH-UPD _b10 _c20130410 _lUCH01 _h1139 |
||
| 590 |
_aBATCH-UPD _b10 _c20130914 _lUCH01 _h1228 |
||
| 590 |
_aCONVERSION _b10 _c20130109 _lUCH01 _h1334 |
||
| 650 | 1 | 4 |
_aEcologĂa. _935134 |
| 901 | _aBK | ||
| 942 | _cLIBRO | ||
| 949 |
_a574.5 O38f _bBC _cMUT _d-153212 _eMUT _h26533 _i67818 _si |
||
| 999 |
_c62669 _d62669 |
||